| 000 | 01227aam a2200301 i 4500 | ||
|---|---|---|---|
| 001 | 768714001 | ||
| 003 | CO-MdFUSB | ||
| 005 | 20240618062713.0 | ||
| 008 | 230608b ||||| |||| 00| 0 spa d | ||
| 020 | _a99922-43-04-X | ||
| 040 |
_bspa. _aCO-MdFUSB _cCO-MdFUSB _dCO-MdFUSBC _erda |
||
| 041 | _aspa | ||
| 082 | 0 | 4 |
_a262.7 _223 _bD782i |
| 100 | 1 |
_aDriver, Juan (1924 _eautor |
|
| 245 | 1 | 0 |
_aImágenes de una iglesia en misión : _bHacia una eclesiología transformadora _c/ Juan Driver |
| 264 | 1 |
_aGuatemala : _bMisiones Mundiales, _c[1998] |
|
| 264 | 4 | _c©1998 | |
| 300 |
_a172 páginas _c; 21 cm. |
||
| 336 |
_atexto _btxt _2rdacontent |
||
| 337 |
_2rdamedia _asin mediación _bn |
||
| 338 |
_2rdacarrier _avolumen _bnc |
||
| 505 | 0 | _a- Imágenes de peregrinación: El camino, Los forasteros, Los pobres - Imágenes del nuevo orden: El reino de Dios, La nueva creación, La nueva humanidad - Imágenes populares: El pueblo de Dios, La familia de Dios, El pastor y las ovejas - Imágenes de transformación: Sal, luz y una ciudad, Una casa espiritual, Una comunidad de testigos | |
| 563 | _arústico. | ||
| 650 | 1 | 7 |
_aIglesia _9655 |
| 650 | 1 | 0 |
_aMisiones _9154 |
| 942 | _cBK | ||
| 945 |
_aAEM-53 _bRevisión 08/06/2023 |
||
| 999 |
_c42349 _d42349 |
||